000 00427nam a2200133Ia 4500
003 GCL
008 140319s9999 xx 000 0 ara d
040 _aGCL /
_cGCL
082 0 4 _a372.7
_bا م
100 1 _aاحمد العريفى الشارف
245 1 0 _aالمدخل لتدريس الرياضيات /
_cاحمد العريفى الشارف
300 _a497 ص
490 _aالهيئة العامة للاستعلامات
_v0
999 _c49317
_d49317